[Event "Sonderjysk-ch C"]
[Site "Haderslev"]
[Date "2013.04.29"]
[Round "1"]
[White "Jorgensen, Arne Juul"]
[Black "Jorgensen, Lars H"]
[Result "0-1"]
[WhiteElo "1039"]
[BlackElo "1408"]
[PlyCount "98"]
[EventDate "2013.04.29"]
[EventType "swiss"]
[EventRounds "5"]
[EventCountry "DEN"]
[SourceTitle "EXT 2023"]
[Source "ChessBase"]
[SourceDate "2022.10.05"]
[SourceVersion "1"]
[SourceVersionDate "2022.10.05"]
[SourceQuality "1"]

1. d4 d5 2. Nf3 Nf6 3. e3 Nc6 4. b3 e6 5. c4 b6 6. a3 Be7 7. b4 0-0 8. Be2 dxc4 9. Bxc4 a6 10. Nc3 Bb7 11. Bb3 h6 12. 0-0 Na7 13. Bd2 Nc8 14. Re1 Nd6 15. Bc2 Nc4 16. Bc1 g6 17. e4 Kg7 18. Bb3 b5 19. a4 Bxb4 20. Bd2 Nxd2 21. Qxd2 Bxc3 22. Qxc3 Nxe4 23. Qc2 Ng5 24. Nd2 Rc8 25. Qc3 Kg8 26. Bc2 Bd5 27. Nf1 Nh7 28. Ne3 Nf6 29. Qb4 c6 30. Bd3 a5 31. Qb2 b4 32. Rac1 Nd7 33. Nxd5 cxd5 34. Rcd1 Nb6 35. Bb5 Qe7 36. Re2 Rc3 37. Re3 Rfc8 38. Re2 Qf6 39. h3 Nc4 40. Qa1 Nd6 41. Bd3 Nf5 42. Bxf5 Qxf5 43. f3 Rd3 44. Rde1 Rcc3 45. Kf2 Qf6 46. Re5 Qh4+ 47. Kg1 Qxd4+ 48. Kf1 Rd2 49. Qb1 Qf2# 0-1